|
|
|
|
| LEADER |
01996nam a2200493 i 4500 |
| 001 |
nkc20223401291 |
| 003 |
CZ PrNK |
| 005 |
20220627102726.0 |
| 007 |
ta |
| 008 |
220314s2022 xr f 001 0 cze |
| 015 |
|
|
|a cnb003401291
|
| 020 |
|
|
|a 978-80-7380-865-5
|q (vázáno)
|
| 035 |
|
|
|a (OCoLC)1335742764
|
| 040 |
|
|
|a ABA001
|b cze
|d OLA001
|e rda
|
| 041 |
0 |
|
|a cze
|b eng
|
| 043 |
|
|
|a e-xr---
|
| 072 |
|
7 |
|a 342
|x Ústavní právo. Správní právo
|2 Konspekt
|9 16
|
| 080 |
|
|
|a 342
|2 MRF
|
| 080 |
|
|
|a (437.3)
|2 MRF
|
| 080 |
|
|
|a (048.8:082)
|2 MRF
|
| 100 |
1 |
|
|a Gerloch, Aleš,
|d 1955-
|7 jn20000400769
|4 aut
|
| 245 |
1 |
0 |
|a Ústavní systém České republiky /
|c Aleš Gerloch, Jiří Hřebejk, Vladimír Zoubek
|
| 250 |
|
|
|a 6. aktualizované vydání
|
| 264 |
|
1 |
|a Plzeň :
|b Vydavatelství a nakladatelství Aleš Čeněk, s.r.o.,
|c 2022
|
| 300 |
|
|
|a 574 stran ;
|c 24 cm
|
| 336 |
|
|
|a text
|b txt
|2 rdacontent
|
| 337 |
|
|
|a bez média
|b n
|2 rdamedia
|
| 338 |
|
|
|a svazek
|b nc
|2 rdacarrier
|
| 500 |
|
|
|a V tiráži uvedeno: 6. aktualizované vydání (ve Vydavatelství a nakladatelství Aleš Čeněk, s.r.o. 2. vydání)
|
| 504 |
|
|
|a Obsahuje bibliografii, bibliografické odkazy a rejstřík
|
| 546 |
|
|
|a Anglické resumé
|
| 650 |
0 |
7 |
|a ústavní právo
|7 ph116908
|z Česko
|2 czenas
|
| 650 |
0 |
9 |
|a constitutional law
|z Czechia
|2 eczenas
|
| 655 |
|
7 |
|a kolektivní monografie
|7 fd501537
|2 czenas
|
| 655 |
|
9 |
|a collective monographs
|2 eczenas
|
| 700 |
1 |
|
|a Hřebejk, Jiří,
|d 1955-
|7 jn99240000343
|4 aut
|
| 700 |
1 |
|
|a Zoubek, Vladimír,
|d 1952-
|7 jn19981002446
|4 aut
|
| 910 |
2 |
|
|a BOA001
|b 2-1486.957
|
| 990 |
|
|
|a BK
|
| 995 |
|
|
|a 01
|
| 991 |
|
|
|b 202205
|c NOV
|
| 996 |
6 |
|
|b 2610903113
|c 2-1486.957
|l MZK
|r Sklad / do 1 hodiny
|n 3
|p p.v.
|w 001886841
|u 000010
|a 1
|e BOA001
|j MZK50
|s P
|
| 996 |
6 |
|
|b 2610906423
|c 2-1486.957
|l MZK
|r HSS 4p
|n 0
|p kup
|h 342 GER
|w 001886841
|u 000020
|a 0
|e BOA001
|j MZK50
|s P
|
| 996 |
7 |
|
|b 2610906424
|c 2-1486.957
|l Vol.výběr
|r VV 0p
|n 18
|p kup
|h 342 GER
|w 001886841
|u 000030
|a 0
|e BOA001
|j MZK50
|s A
|